000 01032nam a22002057a 4500
999 _c57023
_d57023
003 Ge_BSU
005 20191017164406.0
008 191017s2019 ||||| |||| 00| 0 geo d
020 _a9789941965012
041 _ageo
080 _a27-36(479.22) ბ-95
100 _aბუკია, მიქაელ (მახარე)
_94806
245 _aწმიდა მღვდელმოწამე კირიონი გაზეთ ,, ივერიის" ფურცლებზე (1887-1905) /
_cმიქაელ (მახარე) ბუკია ; რედ : სერგო ვარდოსანიძე .
264 _aთბილისი :
_bქართული უნივერსიტეტი,
_c2019.
300 _a232 გვ .:
_c20 სმ.
653 _aქრისტიანობა
653 _aწმიდა მამათა ცხოვრება
700 _aვარდოსანიძე , სერგო
_eრედაქტორი
_94807
942 _2udc
_cBK